LEADER 00858nam0-22003131i-450- 001 990000596700403321 005 20001010 010 $a88-7758-023-2 035 $a000059670 035 $aFED01000059670 035 $a(Aleph)000059670FED01 035 $a000059670 100 $a20001010d--------km-y0itay50------ba 101 0 $aita 105 $ay-------001yy 200 1 $aPREVISIONI DEI TERREMOTI$fRIKITAKE T. 210 $aPalermo$cFlaccovio$d1986 610 0 $aTeoria e pratica delle Costruzioni civili e industriali 610 0 $aMeccanica Razionale 610 0 $aCostruzioni di Macchine 610 0 $aMateriali da Costruzione 700 1$aRikitake,$bTsuneji 801 0$aIT$bUNINA$gRICA$2UNIMARC 901 $aBK 912 $a990000596700403321 952 $a07 B-386 MU.$b4863/288$fDINSC 959 $aDINSC 997 $aUNINA DB $aING01